|
|
|
|
| LEADER |
00901nab a2200229 i 4500 |
| 001 |
publ24087 |
| 005 |
20220414083455.0 |
| 008 |
220414s2018 hu o 0|| Magyar d |
| 022 |
|
|
|a 2063-9945
|
| 024 |
7 |
|
|a 10.31074/gyn2018214
|2 doi
|
| 024 |
7 |
|
|a 3404936
|2 mtmt
|
| 040 |
|
|
|a SZTE Publicatio Repozitórium
|b hun
|
| 041 |
|
|
|a Magyar
|
| 100 |
2 |
|
|a Gévayné Janurik Márta
|
| 245 |
1 |
0 |
|a Kihívások és lehetőségek a gyermekkori zenei nevelésben
|h [elektronikus dokumentum] :
|b Bevezető a tematikus számhoz /
|c Gévayné Janurik Márta
|
| 260 |
|
|
|c 2018
|
| 300 |
|
|
|a 1-4
|
| 490 |
0 |
|
|a GYERMEKNEVELÉS: ONLINE TUDOMÁNYOS FOLYÓIRAT
|v 6 No. 2
|
| 650 |
|
4 |
|a Oktatástudomány
|
| 650 |
|
4 |
|a Művészetek (művészetek, művészettörténet, előadóművészetek, zene)
|
| 700 |
0 |
1 |
|a Józsa Krisztián
|e aut
|
| 856 |
4 |
0 |
|u http://publicatio.bibl.u-szeged.hu/24087/1/kihivasokeslehetosegek.pdf
|z Dokumentum-elérés
|